000 00997nam a22002657a 4500
008 081230t xxu||||| |||| 00| 0 eng d
010 _aENG-92283
020 _a978819076471
_c130.00
035 _aEN-75816
037 _bDBAD / PUB
040 _adpl
_bEnglish
082 _a616.079
100 _aPaul Raj, S.
245 _aMedical immunology /
_cby S. Paul Raj
260 _aTamil Nadu
_bThamarai Publications
_c2008
270 _a15/31, Pathal Vilai, Nagercoil Kanyakumari District,
_bTamil Nadu
_e629001
300 _a200p.:
_bill.
_c20cm (pbk)
500 _aIncludes glossary, bibliographical references and index
650 _aClinical immunology.
650 _aImmunology.
650 _aImmunity..
650 _aImmunologic Diseases.
942 _2ddc
_cEN
_mPAU
_h616.079
999 _c20359
_d20359